Les pilotes de l'europe

Contents: Psycho-pathologies des dictateurs; la ruse du feu et le nettoyage par le sang; les deux.

Uloženo v:
Podrobná bibliografie
Hlavní autor: Gunther, John
Médium: Kniha
Jazyk:Undetermined
Vydáno: Paris Bernard Grasset 1936
Témata:
Tagy: Přidat tag
Žádné tagy, Buďte první, kdo otaguje tento záznam!
Thư viện lưu trữ: Trung tâm Học liệu Trường Đại học Cần Thơ
LEADER 00689nam a2200205Ia 4500
001 CTU_218723
008 210402s9999 xx 000 0 und d
082 |a 320.94 
082 |b G977 
100 |a Gunther, John 
245 0 |a Les pilotes de l'europe 
245 0 |c John Gunther ; Denise Van Moppès 
260 |a Paris 
260 |b Bernard Grasset 
260 |c 1936 
520 |a Contents: Psycho-pathologies des dictateurs; la ruse du feu et le nettoyage par le sang; les deux. 
650 |a Châu Âu,Europe 
650 |x Chính trị và chính phủ,Politics and government 
904 |i Bích Trâm, Tuyến 
980 |a Trung tâm Học liệu Trường Đại học Cần Thơ